00542 2200205 4500001002100000005001700021008004100038020001800079035002400097043001200121082001000133090002200143100002100165245003800186250001100224260003100235300002800266650002200294999002000316YOGYA-0411000000004020110401123045.0 ind  a979-499-348-3 0010-041100000000040 aYOPDYOG a234.2 a234.2bSme DlDEP aSMEDES, Lewis B. a12 karunia TuhancLewis B. Smedes aCet. 1 aYogyakartabkanisiusc1995 a157 hlm.bilus.c21 cm. aIman kepada Allah a95-027 CB-D. 11